Sports Quiz

Random Sports or World Cup Quiz

World Cup Goal Scorers Quiz Stats

 Plays Quiz Updated Jul 16, 2018

Score 0/29 Timer 07:00
21 Plays Today
Goals Player % Correct
15Ronaldo
96.1%
10Thomas Müller
85.9%
12Pelé
84.3%
16Miroslav Klose
73.8%
8Diego Maradona
68.3%
14Gerd Müller
68.3%
10Gary Lineker
43%
8Rivaldo
42.7%
9Eusébio
37.3%
11Jürgen Klinsmann
36.3%
9Roberto Baggio
34%
13Just Fontaine
33.7%
10Gabriel Batistuta
33.6%
9Paolo Rossi
33%
9David Villa
30.1%
Goals Player % Correct
8Rudi Völler
22%
9Christian Vieri
17.7%
9Jairzinho
15.1%
9Karl-Heinz Rummenigge
12.9%
10Grzegorz Lato
12.9%
11Sándor Kocsis
11.2%
10Teófilo Cubillas
10.2%
9Vavá
9.5%
9Uwe Seeler
8.2%
8Leônidas
5.2%
10Helmut Rahn
5%
8Guillermo Stábile
4.1%
8Ademir Marques de Menezes
4.1%
8Oscar Míguez
1.9%

You're not logged in!

Compare scores with friends on all Sporcle quizzes.
OR
Log In

Sporcle TV

Today on Sporcle TV


Watch our educational content, quiz creation guides, and fun videos on Sporcle TV.

Show Comments

Extras

Top Quizzes Today


Score Distribution

Your Account Isn't Verified!

In order to create a playlist on Sporcle, you need to verify the email address you used during registration. Go to your Sporcle Settings to finish the process.

Report this User

Report this user for behavior that violates our Community Guidelines.

Details: